000 00414nam a22001577a 4500
005 20260116120731.0
008 260116b |||||||| |||| 00| 0 eng d
020 _a0-393-03532-8
050 _aCT 3235 .N67 1993
100 _aROSE, PHYLLIS
245 _aNORTON BOOK OF WOMEN'S LIVES
260 _aNEW YORK
_bW.W. NORTON & COMPANY
_c1993
300 _aIIIV,826P.
500 _aINCLUDES INDEX
942 _2lcc
_cBK
999 _c216465
_d216465